Contribución a la citogenética del olivo / por Ramón Parés Farrás..., Francisco J. Riera...
Descripción Física:
p.120 a 132 ; 24 cm
Otros Autores:
Riera, Francesc Xavier
Materias:
Oliveres
MARC
| LEADER | 00000nam a2200000Ia 4500 | ||
|---|---|---|---|
| 001 | 6157 | ||
| 008 | 160829s9999 xx 000 0 cat d | ||
| 080 | |a FU-6-6 | ||
| 100 | |a Parés i Farràs, Ramon |9 27562 | ||
| 245 | |a Contribución a la citogenética del olivo / por Ramón Parés Farrás..., Francisco J. Riera... | ||
| 260 | |a Barcelona : |b [Escuela de Peritos Agrícolas y de Especialidades Agropecuarias], (1953) | ||
| 300 | |a p.120 a 132 ; |c 24 cm | ||
| 590 | |a Separata de 'Anales de la Escuela de Peritos Agrícolas y de Especialidades Agropecuarias y de los Servicios Técnicos de Agricultura', vol. XII | ||
| 650 | |a Oliveres |9 20901 | ||
| 700 | |a Riera, Francesc Xavier |9 27561 | ||
| 710 | 2 | |a Escuela de Peritos Agrícolas y Superior de Agricultura |9 54569 | |
| 901 | |a Arxiu | ||
| 942 | |n 1 | ||
| 952 | |0 0 |1 0 |4 0 |6 FU66 |7 1 |9 44444 |a Arxiu |b Arxiu |d 2016-12-01 |l 0 |o FU-6-6 |p 6157 |r 2016-12-01 00:00:00 |w 2016-12-01 |y ARXIU | ||
| 999 | |c 47025 |d 47025 | ||